Statistiken für Feuerwerk - Wincent Weiss (Liedtext)

Klicken Sie hier um das Quiz zu spielen!

Allgemein

  • Dieses Quiz wurde 89 mal gespielt
  • Das Durchschnittsergebnis liegt bei 167 aus 298

Antwortstatistiken

Land% Korrekt
Feuerwerk,
93%
Feuerwerk
93%
wie
93%
ein
89%
uns
86%
uns,
86%
Uns
86%
Die
84%
da
82%
Da
82%
Ich
77%
ich
77%
leben
75%
wär',
75%
für
73%
Lass
73%
es
71%
wir
70%
Wir
70%
kommt
68%
und
66%
Und
66%
vor,
66%
Welt
66%
mein
64%
Geh'
61%
schon
61%
ganze
59%
nie
59%
oh oh
59%
spät
59%
heute
57%
wieder
57%
Bahn
55%
du
55%
Du
55%
wenn
55%
auf
54%
im
54%
meine
54%
nur
54%
vorne
54%
dran
52%
verdammt,
52%
Viertel
52%
Ja,
50%
morgen"
50%
morgen
50%
was
50%
haben
48%
dich?
46%
dich"
46%
kann
46%
Kann
46%
muss
46%
noch
46%
renn'n,
46%
Als
45%
das
45%
mal
45%
"Keiner
43%
weiß,
43%
weiß
43%
immer
41%
sind
41%
wartet
41%
zurück
41%
Augen
39%
geschworen:
39%
"Ey,
38%
heißt:
38%
so
38%
warten
38%
Denn
36%
gehör'n,
36%
Stück
36%
dieser
34%
doch
34%
Helden
34%
ist
34%
Ist
34%
ist,
34%
Clowns
32%
Augenblick
30%
seit
30%
Stress
30%
dieselben
29%
erinnerst
29%
hab'n
29%
treffen
29%
uns'rer
29%
drauf,
27%
Erzählen
27%
gleichen
27%
Laden
27%
nicht
27%
Raketen
27%
Scheiß
27%
hör'
25%
Verbrenn'n
25%
aus,
23%
Jahr'n
23%
Kopf
23%
alles
18%
mehr
16%
dann
14%
ein'n
14%
schnell
14%
viel
14%
auch
13%
brenn'n,
13%
nichts
13%
will
13%
Erinnerung
11%
vorbei
11%
weil
11%
Asche
9%
egal,
9%
einmal
9%
Gefühl
9%
nochmal
9%
verpassen
9%
heim,
7%
überbleibt
7%
genau,
4%
halt
4%

Verteilung der Resultate

Perzentil nach korrekt beantworteten Fragen

Anzahl Personen mit jedem Resultat

Ihre Resultats-Entwicklung

Sie haben dieses Quiz noch nicht gespielt